| 000 | 00714nam a2200241Ia 4500 | ||
|---|---|---|---|
| 003 | GCL | ||
| 005 | 20240530105425.0 | ||
| 008 | 140319s9999 xx 000 0 ara d | ||
| 040 |
_aGCL / _cGCL |
||
| 082 | 0 | 4 |
_a330.90905 _bك ا |
| 100 | 1 | _aكنيدى ، بول | |
| 245 | 1 | 0 |
_aالاستعداد للقرن الحادى والعشرين / _cبول كنيدى |
| 260 |
_a[S.N] : _bدار الشروق |
||
| 300 | _a482 ص | ||
| 650 | 0 | 4 | _aالاقتصاد |
| 650 | 0 | 4 | _aالعلم |
| 650 | 0 | 4 | _aالعلوم الاجتماعية |
| 650 | 0 | 4 | _aالسياسة |
| 650 | 0 | 4 | _aالاجتماع |
| 650 | 0 | 4 | _aالاحصاء |
| 700 | 1 | _aمحمد عبدالقادر غازى (مترجم) | |
| 942 |
_2ddc _cBK |
||
| 999 |
_c55910 _d55910 |
||